Women's empowerment : (Record no. 101155)

MARC details
000 -LEADER
fixed length control field 00666nam a22002057a 4500
005 - DATE AND TIME OF LATEST TRANSACTION
control field 20160708164647.0
010 ## - LCCN (DPL NO)
LC control number ENG-115376
020 ## - INTERNATIONAL STANDARD BOOK NUMBER
International Standard Book Number 9789380574752
Terms of availability 995.00
020 ## - INTERNATIONAL STANDARD BOOK NUMBER
International Standard Book Number 9380574754
Terms of availability 995.00
035 ## - SYSTEM CONTROL NUMBER
System control number EN-98908
037 ## - SOURCE OF ACQUISITION
Source of stock number/acquisition DBAD/PUB
245 ## - TITLE STATEMENT
Title Women's empowerment :
Remainder of title a strategy for developmant /
Statement of responsibility, etc edited by Binay Kumar Pattnaik,R. Mutharrayappa [and] K.C.Channamma
260 ## - PUBLICATION, DISTRIBUTION, ETC. (IMPRINT)
Place of publication, distribution, etc Delhi
Name of publisher, distributor, etc Bookwell
Date of publication, distribution, etc 2015
270 ## - ADDRESS
Address 3/79,Nirankari Colony
City Delhi
Postal code 110009
300 ## - PHYSICAL DESCRIPTION
Extent xxiv,290p.
Dimensions 24cm(Hb)
700 ## - ADDED ENTRY--PERSONAL NAME
Personal name Pattnaik,Binay Kumar
700 ## - ADDED ENTRY--PERSONAL NAME
Personal name Mutharayappa,R.
700 ## - ADDED ENTRY--PERSONAL NAME
Personal name Channamma,K.C.
942 ## - ADDED ENTRY ELEMENTS (KOHA)
Source of classification or shelving scheme Dewey Decimal Classification
Item type English Books
Classification part 305.4820954
Call number suffix WOM
Holdings
Withdrawn status Lost status Not for loan Collection code Home library Current library Date acquired Source of acquisition Cost, normal purchase price Full call number Barcode Copy number Cost, replacement price Koha item type
    Not For Loan Non-fiction D.B.Act.Division Bawana 05/07/2016 DBAD/PUB 995.00 305.4820954 WOM EN-98908 1 995.00 English Books

© Delhi Public Library
Hit Counter
free hit counter